Библиотека Льва Николаевича Толстого в Ясной Поляне (Запись № 8314585)

Подробности
000 -МАРКЕР
контрольное поле 00870nam1a22002411i 4500
001 - ИДЕНТИФИКАТОР ЗАПИСИ
контрольное поле rc\4283337
005 - ИДЕНТИФИКАТОР ВЕРСИИ
контрольное поле 20260406130708.0
035 ## - ДРУГИЕ СИСТЕМНЫЕ НОМЕРА
Идентификатор записи (NLR Aleph) 008247461
100 ## - ДАННЫЕ ОБЩЕЙ ОБРАБОТКИ
Данные общей обработки 20130416d1958 |||y0rusy50 ca
101 0# - ЯЗЫК РЕСУРСА
Язык текста, звукозаписи и т.д. русский
102 ## - СТРАНА ПУБЛИКАЦИИ ИЛИ ПРОИЗВОДСТВА
Страна публикации Российская Федерация
105 ## - ПОЛЕ КОДИРОВАННЫХ ДАННЫХ: ТЕКСТОВЫЕ МАТЕРИАЛЫ, МОНОГРАФИЧЕСКИЕ
Кодированные данные о монографическом текстовом документе z |||||
200 1# - ЗАГЛАВИЕ И СВЕДЕНИЯ ОБ ОТВЕТСТВЕННОСТИ
Основное заглавие Библиотека Льва Николаевича Толстого в Ясной Поляне
Первые сведения об ответственности [Предисл. В. Булгакова. Т.] 1-
Последующие сведения об ответственности Музей-усадьба "Ясная Поляна"
210 ## - ПУБЛИКАЦИЯ, РАСПРОСТРАНЕНИЕ И ДР.
Место издания, распространения и т.д. Москва
Имя издателя, распространителя и т. д. Сов. Россия
Дата издания, распространения и т.д. 1958
215 ## - ФИЗИЧЕСКАЯ ХАРАКТЕРИСТИКА
Размеры 23
702 #1 - ИМЯ ЛИЦА - ВТОРИЧНАЯ ОТВЕТСТВЕННОСТЬ
Начальный элемент ввода Булгаков
Часть имени, кроме начального элемента ввода В.
Код отношения Автор введения, предисловия, примечания и т.п.
702 #1 - ИМЯ ЛИЦА - ВТОРИЧНАЯ ОТВЕТСТВЕННОСТЬ
Код отношения Прочие
Материалы, к которым относится поле rus
Графика поля Кириллица
Начальный элемент ввода Толстой
Часть имени, кроме начального элемента ввода Л. Н.
Даты 1828-1910
Расширение инициалов личного имени Лев Николаевич
Идентификатор авторитетной/нормативной записи RU\NLR\AUTH\771515
Системный номер авторитетной/нормативной записи 111537
801 #0 - ИСТОЧНИК ЗАПИСИ
Страна Российская Федерация
Организация NLR
Правила каталогизации psbo
801 #1 - ИСТОЧНИК ЗАПИСИ
Страна Российская Федерация
Организация ELAR
Источник данных rusmarc
852 ## - МЕСТОНАХОЖДЕНИЕ И ШИФР ХРАНЕНИЯ
Идентификатор организации NLR
Шифр хранения (Call Number) 59-5/1938
942 ## - ДОПОЛНИТЕЛЬНЫЕ ЭЛЕМЕНТЫ ЗАПИСИ (АБИС)
Тип экземпляра АБИС Книга

Нет доступных экземпляров.